<?xml version="1.0" encoding="UTF-8"?>
<collection xmlns="http://www.loc.gov/MARC21/slim">
 <record>
  <leader>03999cam a2200889   4500</leader>
  <controlfield tag="001">1608650480</controlfield>
  <controlfield tag="003">DE-627</controlfield>
  <controlfield tag="005">20240329185517.0</controlfield>
  <controlfield tag="007">tu</controlfield>
  <controlfield tag="008">930914s1975    gw |||||      00| ||ger c</controlfield>
  <datafield tag="015" ind1=" " ind2=" ">
   <subfield code="a">76,B09,0299</subfield>
   <subfield code="2">dnb</subfield>
  </datafield>
  <datafield tag="016" ind1="7" ind2=" ">
   <subfield code="a">760466432</subfield>
   <subfield code="2">DE-101</subfield>
  </datafield>
  <datafield tag="035" ind1=" " ind2=" ">
   <subfield code="a">(DE-627)1608650480</subfield>
  </datafield>
  <datafield tag="035" ind1=" " ind2=" ">
   <subfield code="a">(DE-576)083286209</subfield>
  </datafield>
  <datafield tag="035" ind1=" " ind2=" ">
   <subfield code="a">(DE-599)DNB760466432</subfield>
  </datafield>
  <datafield tag="035" ind1=" " ind2=" ">
   <subfield code="a">(OCoLC)2332859</subfield>
  </datafield>
  <datafield tag="035" ind1=" " ind2=" ">
   <subfield code="a">(OCoLC)251669791</subfield>
  </datafield>
  <datafield tag="035" ind1=" " ind2=" ">
   <subfield code="a">(OCoLC)74314994</subfield>
  </datafield>
  <datafield tag="035" ind1=" " ind2=" ">
   <subfield code="a">(OCoLC)1078718007</subfield>
  </datafield>
  <datafield tag="040" ind1=" " ind2=" ">
   <subfield code="a">DE-627</subfield>
   <subfield code="b">ger</subfield>
   <subfield code="c">DE-627</subfield>
   <subfield code="e">rakwb</subfield>
  </datafield>
  <datafield tag="041" ind1=" " ind2=" ">
   <subfield code="a">ger</subfield>
  </datafield>
  <datafield tag="044" ind1=" " ind2=" ">
   <subfield code="c">XA-DE</subfield>
   <subfield code="c">XA-DE-BY</subfield>
  </datafield>
  <datafield tag="050" ind1=" " ind2="0">
   <subfield code="a">DD801.M2</subfield>
  </datafield>
  <datafield tag="082" ind1="0" ind2=" ">
   <subfield code="a">728.810943</subfield>
   <subfield code="q">OCLC</subfield>
  </datafield>
  <datafield tag="084" ind1=" " ind2=" ">
   <subfield code="a">9,10</subfield>
   <subfield code="2">ssgn</subfield>
  </datafield>
  <datafield tag="084" ind1=" " ind2=" ">
   <subfield code="a">NS 1250</subfield>
   <subfield code="2">rvk</subfield>
   <subfield code="0">(DE-625)rvk/130312:</subfield>
  </datafield>
  <datafield tag="084" ind1=" " ind2=" ">
   <subfield code="a">NS 3292</subfield>
   <subfield code="2">rvk</subfield>
   <subfield code="0">(DE-625)rvk/130773:</subfield>
  </datafield>
  <datafield tag="084" ind1=" " ind2=" ">
   <subfield code="a">15.56</subfield>
   <subfield code="2">bkl</subfield>
  </datafield>
  <datafield tag="100" ind1="1" ind2=" ">
   <subfield code="a">Kunstmann, Hellmut</subfield>
   <subfield code="d">1908-1979</subfield>
   <subfield code="0">(DE-588)118568094</subfield>
   <subfield code="0">(DE-627)079364381</subfield>
   <subfield code="0">(DE-576)161867502</subfield>
   <subfield code="4">aut</subfield>
  </datafield>
  <datafield tag="245" ind1="1" ind2="0">
   <subfield code="a">Burgen am Obermain</subfield>
   <subfield code="b">unter besonderer Würdigung der Plassenburg</subfield>
   <subfield code="c">Hellmut Kunstmann</subfield>
  </datafield>
  <datafield tag="264" ind1=" " ind2="1">
   <subfield code="a">Kulmbach</subfield>
   <subfield code="b">Stadtarchiv</subfield>
   <subfield code="c">1975</subfield>
  </datafield>
  <datafield tag="264" ind1=" " ind2="1">
   <subfield code="a">Kulmbach</subfield>
   <subfield code="b">Freunde d. Plassenburg e.V.</subfield>
   <subfield code="c">1975</subfield>
  </datafield>
  <datafield tag="300" ind1=" " ind2=" ">
   <subfield code="a">264 S.</subfield>
   <subfield code="b">Ill.</subfield>
   <subfield code="c">23 cm</subfield>
  </datafield>
  <datafield tag="336" ind1=" " ind2=" ">
   <subfield code="a">Text</subfield>
   <subfield code="b">txt</subfield>
   <subfield code="2">rdacontent</subfield>
  </datafield>
  <datafield tag="337" ind1=" " ind2=" ">
   <subfield code="a">ohne Hilfsmittel zu benutzen</subfield>
   <subfield code="b">n</subfield>
   <subfield code="2">rdamedia</subfield>
  </datafield>
  <datafield tag="338" ind1=" " ind2=" ">
   <subfield code="a">Band</subfield>
   <subfield code="b">nc</subfield>
   <subfield code="2">rdacarrier</subfield>
  </datafield>
  <datafield tag="490" ind1="1" ind2=" ">
   <subfield code="a">Die Plassenburg</subfield>
   <subfield code="v">36</subfield>
  </datafield>
  <datafield tag="500" ind1=" " ind2=" ">
   <subfield code="a">Bibliographie: S. 243-244</subfield>
  </datafield>
  <datafield tag="583" ind1="1" ind2=" ">
   <subfield code="a">Archivierung prüfen</subfield>
   <subfield code="c">20200919</subfield>
   <subfield code="f">DE-640</subfield>
   <subfield code="z">3</subfield>
   <subfield code="2">pdager</subfield>
  </datafield>
  <datafield tag="583" ind1="1" ind2=" ">
   <subfield code="a">Archivierung/Langzeitarchivierung gewährleistet</subfield>
   <subfield code="f">SSG</subfield>
   <subfield code="x">XA-DE-BW</subfield>
   <subfield code="2">pdager</subfield>
   <subfield code="5">DE-16</subfield>
  </datafield>
  <datafield tag="653" ind1=" " ind2="0">
   <subfield code="a">Castles</subfield>
   <subfield code="a">Germany</subfield>
   <subfield code="a">Main River Valley</subfield>
  </datafield>
  <datafield tag="653" ind1=" " ind2="0">
   <subfield code="a">Main River Valley (Germany)</subfield>
   <subfield code="a">History, Local</subfield>
  </datafield>
  <datafield tag="653" ind1=" " ind2="0">
   <subfield code="a">Plassenburg Castle</subfield>
  </datafield>
  <datafield tag="689" ind1="0" ind2="0">
   <subfield code="d">g</subfield>
   <subfield code="0">(DE-588)4042917-9</subfield>
   <subfield code="0">(DE-627)106212079</subfield>
   <subfield code="0">(DE-576)209053143</subfield>
   <subfield code="a">Regierungsbezirk Oberfranken</subfield>
   <subfield code="2">gnd</subfield>
  </datafield>
  <datafield tag="689" ind1="0" ind2="1">
   <subfield code="d">s</subfield>
   <subfield code="0">(DE-588)4009104-1</subfield>
   <subfield code="0">(DE-627)106364677</subfield>
   <subfield code="0">(DE-576)208880399</subfield>
   <subfield code="a">Burg</subfield>
   <subfield code="2">gnd</subfield>
  </datafield>
  <datafield tag="689" ind1="0" ind2=" ">
   <subfield code="5">(DE-627)</subfield>
  </datafield>
  <datafield tag="689" ind1="1" ind2="0">
   <subfield code="d">g</subfield>
   <subfield code="0">(DE-588)4046275-4</subfield>
   <subfield code="0">(DE-627)104774673</subfield>
   <subfield code="0">(DE-576)209068809</subfield>
   <subfield code="a">Plassenburg Kulmbach</subfield>
   <subfield code="2">gnd</subfield>
  </datafield>
  <datafield tag="689" ind1="1" ind2=" ">
   <subfield code="5">(DE-627)</subfield>
  </datafield>
  <datafield tag="689" ind1="2" ind2="0">
   <subfield code="d">g</subfield>
   <subfield code="0">(DE-588)4101930-1</subfield>
   <subfield code="0">(DE-627)10592380X</subfield>
   <subfield code="0">(DE-576)209374497</subfield>
   <subfield code="a">Obermain-Gebiet</subfield>
   <subfield code="2">gnd</subfield>
  </datafield>
  <datafield tag="689" ind1="2" ind2="1">
   <subfield code="d">s</subfield>
   <subfield code="0">(DE-588)4009104-1</subfield>
   <subfield code="0">(DE-627)106364677</subfield>
   <subfield code="0">(DE-576)208880399</subfield>
   <subfield code="a">Burg</subfield>
   <subfield code="2">gnd</subfield>
  </datafield>
  <datafield tag="689" ind1="2" ind2=" ">
   <subfield code="5">(DE-627)</subfield>
  </datafield>
  <datafield tag="689" ind1="3" ind2="0">
   <subfield code="d">g</subfield>
   <subfield code="0">(DE-588)4046275-4</subfield>
   <subfield code="0">(DE-627)104774673</subfield>
   <subfield code="0">(DE-576)209068809</subfield>
   <subfield code="a">Plassenburg Kulmbach</subfield>
   <subfield code="2">gnd</subfield>
  </datafield>
  <datafield tag="689" ind1="3" ind2="1">
   <subfield code="a">z</subfield>
   <subfield code="2">gnd</subfield>
   <subfield code="a">Geschichte</subfield>
  </datafield>
  <datafield tag="689" ind1="3" ind2=" ">
   <subfield code="5">(DE-627)</subfield>
  </datafield>
  <datafield tag="689" ind1="4" ind2="0">
   <subfield code="d">g</subfield>
   <subfield code="0">(DE-588)4042946-5</subfield>
   <subfield code="0">(DE-627)106211897</subfield>
   <subfield code="0">(DE-576)209053372</subfield>
   <subfield code="a">Obermain</subfield>
   <subfield code="2">gnd</subfield>
  </datafield>
  <datafield tag="689" ind1="4" ind2="1">
   <subfield code="d">s</subfield>
   <subfield code="0">(DE-588)4009104-1</subfield>
   <subfield code="0">(DE-627)106364677</subfield>
   <subfield code="0">(DE-576)208880399</subfield>
   <subfield code="a">Burg</subfield>
   <subfield code="2">gnd</subfield>
  </datafield>
  <datafield tag="689" ind1="4" ind2=" ">
   <subfield code="5">(DE-627)</subfield>
  </datafield>
  <datafield tag="787" ind1="0" ind2="8">
   <subfield code="i">Rezensiert in</subfield>
   <subfield code="a">Meyer, Werner, 1909 - 1987</subfield>
   <subfield code="t">[Rezension von: Helmut Kunstmann, Burgen am Obermain unter besonderer Würdigung der Plassenburg]</subfield>
   <subfield code="d">Braubach : Deutsche Burgenvereinigung, 1976</subfield>
   <subfield code="w">(DE-627)1562477455</subfield>
   <subfield code="w">(DE-576)492477450</subfield>
  </datafield>
  <datafield tag="830" ind1=" " ind2="4">
   <subfield code="a">Die Plassenburg</subfield>
   <subfield code="v">36</subfield>
   <subfield code="9">36</subfield>
   <subfield code="w">(DE-627)130115142</subfield>
   <subfield code="w">(DE-576)002215764</subfield>
   <subfield code="w">(DE-600)504385-2</subfield>
   <subfield code="7">ns</subfield>
  </datafield>
  <datafield tag="889" ind1=" " ind2=" ">
   <subfield code="w">(DE-627)127546561</subfield>
  </datafield>
  <datafield tag="889" ind1=" " ind2=" ">
   <subfield code="w">(DE-627)423735489</subfield>
  </datafield>
  <datafield tag="935" ind1=" " ind2=" ">
   <subfield code="i">mdedup</subfield>
  </datafield>
  <datafield tag="936" ind1="r" ind2="v">
   <subfield code="a">NS 1250</subfield>
   <subfield code="b">Sonstige Reihen der bayerischen Landesgeschichte</subfield>
   <subfield code="k">Geschichte</subfield>
   <subfield code="k">Bayerische Landesgeschichte</subfield>
   <subfield code="k">Allgemeines</subfield>
   <subfield code="k">Sonstige Reihen der bayerischen Landesgeschichte</subfield>
   <subfield code="0">(DE-627)1271475472</subfield>
   <subfield code="0">(DE-625)rvk/130312:</subfield>
   <subfield code="0">(DE-576)201475472</subfield>
  </datafield>
  <datafield tag="936" ind1="r" ind2="v">
   <subfield code="a">NS 3292</subfield>
   <subfield code="b">Burgen und Schlösser (CSN)</subfield>
   <subfield code="k">Geschichte</subfield>
   <subfield code="k">Bayerische Landesgeschichte</subfield>
   <subfield code="k">Allgemeines</subfield>
   <subfield code="k">Teilgebiete der Bayerischen Landesgeschichte</subfield>
   <subfield code="k">Burgen und Schlösser (CSN)</subfield>
   <subfield code="0">(DE-627)1271475707</subfield>
   <subfield code="0">(DE-625)rvk/130773:</subfield>
   <subfield code="0">(DE-576)201475707</subfield>
  </datafield>
  <datafield tag="936" ind1="b" ind2="k">
   <subfield code="a">15.56</subfield>
   <subfield code="j">Bayern</subfield>
   <subfield code="x">Geschichte</subfield>
   <subfield code="q">coli-conc RVK-&gt;BK</subfield>
   <subfield code="q">https://coli-conc.gbv.de/api/mappings/43c653ef-dd5b-4ab8-994c-d6da9cf453c9</subfield>
   <subfield code="0">(DE-627)181571625</subfield>
  </datafield>
  <datafield tag="951" ind1=" " ind2=" ">
   <subfield code="a">BO</subfield>
  </datafield>
  <datafield tag="990" ind1=" " ind2=" ">
   <subfield code="a">Regierungsbezirk Oberfranken</subfield>
  </datafield>
  <datafield tag="990" ind1=" " ind2=" ">
   <subfield code="a">Burg</subfield>
  </datafield>
  <datafield tag="990" ind1=" " ind2=" ">
   <subfield code="a">Plassenburg Kulmbach</subfield>
  </datafield>
  <datafield tag="990" ind1=" " ind2=" ">
   <subfield code="a">Obermain-Gebiet</subfield>
  </datafield>
  <datafield tag="990" ind1=" " ind2=" ">
   <subfield code="a">Burg</subfield>
  </datafield>
  <datafield tag="990" ind1=" " ind2=" ">
   <subfield code="a">Plassenburg Kulmbach</subfield>
  </datafield>
  <datafield tag="990" ind1=" " ind2=" ">
   <subfield code="a">Geschichte</subfield>
  </datafield>
  <datafield tag="990" ind1=" " ind2=" ">
   <subfield code="a">Obermain</subfield>
  </datafield>
  <datafield tag="990" ind1=" " ind2=" ">
   <subfield code="a">Burg</subfield>
  </datafield>
  <datafield tag="991" ind1=" " ind2=" ">
   <subfield code="a">Rezensiertes Werk</subfield>
  </datafield>
  <datafield tag="999" ind1=" " ind2=" ">
   <subfield code="a">KXP-PPN1608650480</subfield>
   <subfield code="e">401966451X</subfield>
  </datafield>
 </record>
</collection>
